| 000 | 00981cam a2200205 4500 | ||
|---|---|---|---|
| 001 | WS111031 | ||
| 008 | 000000n 000 0 eng u | ||
| 035 | _a(Sirsi) u111031 | ||
| 110 |
_aReinforced Concrete Council _93339 |
||
| 245 | _aReinforced Concrete Council | ||
| 520 | _aSite for this organisation which aims 'to promote knowledge and understanding of efficiency reinforced concrete design and construction'. Includes the latest news on reinforced concrete, details of research, pages on tilt-up construction and hybrid concrete construction, spreadsheets for use in design and the National Structural Concrete Specification for Building Construction. | ||
| 650 | _aORGANISATION | ||
| 650 | 0 | _aREINFORCED CONCRETE | |
| 650 | _aRESEARCH | ||
| 650 | _aTILT-UP CONSTRUCTION | ||
| 650 | _aSPECIFICATION | ||
| 690 | _aBUILT ENVIRONMENT-BUILDING MATERIALS | ||
| 856 | 4 | 0 |
_uhttps://www.rcc-info.org.uk _zView the website free of charge at www.rcc-info.org.uk... |
| 942 | _n0 | ||
| 999 |
_c119806 _d119806 |
||